000
00338 a2200157 4500
001
195418
020
_a
85-86540-29-3
040
_c
Magnum
100
_a
Torres, Flávia
240
1
0
_a
Gotas de aventuras
_l
por
245
1
0
_a
Gotas de aventuras
300
_a
80
362
0
_a
2003
697
_a
LITERATURA INFANTO-JUVENIL
942
_c
BK
999
_c
195418
_d
195418